000 00338nam a2200133Ia 4500
008 240624s9999 xx 000 0 und d
041 _aeng
082 _a303.48 LI
100 _aLI CHARLENE
245 _aGROUNDSHELL WINNING IN A WORLD
260 _c2011
_aNew Delhi
_bHarvard Business
300 _a332 : p. : cm. ; 28
365 _cRS
_b35
999 _c27786
_d27786